[Event "MSR2018s4"]
[Site "?"]
[Date "2018.04.27"]
[Round "9.1"]
[White "Marcinkova, Lydia"]
[Black "Mederlyova, Beata"]
[Result "1-0"]
[BlackElo "1000"]
[WhiteElo "1000"]
[LiveChessVersion "1.4.8"]

1. e4 {[%clk 1:30:54]} e5 {[%clk 1:30:59]} 2. Nf3 {[%clk 1:31:12]} Nc6
{[%clk 1:31:27]} 3. Bb5 {[%clk 1:31:28]} a6 {[%clk 1:31:23]} 4. Bxc6
{[%clk 1:31:50]} bxc6 {[%clk 1:31:49]} 5. Nc3 {[%clk 1:31:34]} d6
{[%clk 1:32:02]} 6. d3 {[%clk 1:31:37]} d5 {[%clk 1:31:41]} 7. Be3
{[%clk 1:30:25]} d4 {[%clk 1:31:49]} 8. Qd2 {[%clk 1:29:33]} dxe3
{[%clk 1:31:50]} 9. Qxe3 {[%clk 1:29:36]} Rb8 {[%clk 1:31:04]} 10. O-O-O
{[%clk 1:28:55]} Be6 {[%clk 1:31:03]} 11. Nxe5 {[%clk 1:29:04]} Qd6
{[%clk 1:30:11]} 12. Qa7 {[%clk 1:28:29]} Rb6 {[%clk 1:30:12]} 13. Qa8+
{[%clk 1:28:03]} Ke7 {[%clk 1:30:27]} 14. Na4 {[%clk 1:27:00]} Rb5
{[%clk 1:30:37]} 15. Nxc6+ {[%clk 1:26:55]} Kf6 {[%clk 1:30:21]} 16. d4
{[%clk 1:26:44]} Qf4+ {[%clk 1:30:21]} 17. Kb1 {[%clk 1:26:05]} Bd7
{[%clk 1:28:31]} 18. Nc3 {[%clk 1:25:25]} Rxb2+ {[%clk 1:27:50]} 19. Kxb2 Qg5
{[%clk 1:26:17]} 20. Nd5+ {[%clk 1:24:31]} Kg6 {[%clk 1:24:52]} 21. h4
{[%clk 1:24:43]} Qxg2 {[%clk 1:23:56]} 22. h5+ {[%clk 1:24:27]} Kg5
{[%clk 1:23:25]} 23. Qd8+ {[%clk 1:24:26]} f6 {[%clk 1:23:32]} 24. Rhg1
{[%clk 1:24:31]} Bh3 {[%clk 1:23:14]} 25. Rxg2+ {[%clk 1:24:34]} Bxg2
{[%clk 1:23:30]} 26. Rg1 {[%clk 1:24:42]} Kxh5 {[%clk 1:23:36]} 27. Rxg2
{[%clk 1:24:39]} g5 {[%clk 1:23:20]} 28. Qxf8 {[%clk 1:24:25]} g4
{[%clk 1:23:03]} 29. Rh2+ {[%clk 1:24:21]} Kg5 {[%clk 1:23:23]} 30. Qg7#
{[%clk 1:24:16]} 1-0

[Event "MSR2018s4"]
[Site "?"]
[Date "2018.04.27"]
[Round "9.2"]
[White "Paverova, Barbora"]
[Black "Haasova, Timea"]
[Result "1/2-1/2"]
[BlackElo "1203"]
[WhiteElo "1000"]
[LiveChessVersion "1.4.8"]

1. e4 e5 2. Nf3 Nc6 3. Bc4 {[%clk 1:29:53]} Bc5 {[%clk 1:30:57]} 4. d3 Nf6 5. Bg5
{[%clk 1:27:49]} h6 {[%clk 1:30:55]} 6. Bh4 {[%clk 1:27:08]} O-O {[%clk 1:31:03]}
7. O-O {[%clk 1:26:44]} d6 {[%clk 1:31:11]} 8. h3 {[%clk 1:25:52]} Nd4
{[%clk 1:30:43]} 9. Nc3 {[%clk 1:19:53]} c6 {[%clk 1:29:41]} 10. Re1
{[%clk 1:16:42]} g5 {[%clk 1:28:45]} 11. Bg3 {[%clk 1:14:33]} b5 {[%clk 1:25:30]}
12. Bb3 {[%clk 1:08:41]} a5 {[%clk 1:24:47]} 13. a4 b4 14. Nb1 {[%clk 1:02:45]}
Nxb3 {[%clk 1:23:50]} 15. cxb3 g4 16. Rf1 {[%clk 0:50:13]} gxf3 {[%clk 1:23:23]}
17. Qxf3 {[%clk 0:47:38]} h5 {[%clk 1:20:36]} 18. Bh4 {[%clk 0:40:42]} Kg7
{[%clk 1:19:51]} 1/2-1/2

[Event "MSR2018s4"]
[Site "?"]
[Date "2018.04.27"]
[Round "9.3"]
[White "Magdova, Lucia"]
[Black "Valentova, Sophia"]
[Result "0-1"]
[BlackElo "1000"]
[WhiteElo "1000"]
[LiveChessVersion "1.4.8"]

1. e4 {[%clk 1:30:56]} e5 {[%clk 1:30:52]} 2. Bc4 {[%clk 1:30:54]} Nf6
{[%clk 1:30:58]} 3. Nc3 {[%clk 1:30:52]} Nc6 {[%clk 1:30:38]} 4. Nf3
{[%clk 1:31:07]} Bc5 5. d3 O-O {[%clk 1:29:16]} 6. Bg5 {[%clk 1:31:15]} d6
{[%clk 1:28:52]} 7. Bxf6 Qxf6 8. Qd2 {[%clk 1:30:29]} Bg4 {[%clk 1:27:29]} 9.
O-O-O {[%clk 1:30:37]} Qf4 {[%clk 1:27:00]} 10. Qxf4 {[%clk 1:30:36]} exf4
{[%clk 1:27:06]} 11. h3 {[%clk 1:29:51]} Bxf3 {[%clk 1:27:17]} 12. gxf3
{[%clk 1:29:50]} Bxf2 {[%clk 1:27:17]} 13. Rdf1 {[%clk 1:29:36]} Be3+
{[%clk 1:26:57]} 14. Kb1 {[%clk 1:29:59]} Nd4 {[%clk 1:26:17]} 15. Nd5
{[%clk 1:29:46]} c6 {[%clk 1:25:59]} 16. Nxe3 {[%clk 1:29:59]} fxe3
{[%clk 1:25:52]} 17. f4 {[%clk 1:29:42]} e2 {[%clk 1:25:52]} 18. Re1
{[%clk 1:29:55]} Rad8 {[%clk 1:26:02]} 19. c3 {[%clk 1:29:43]} d5
{[%clk 1:25:40]} 20. cxd4 {[%clk 1:29:40]} dxc4 {[%clk 1:25:12]} 21. dxc4
{[%clk 1:30:08]} Rfe8 {[%clk 1:24:28]} 22. Rhg1 {[%clk 1:29:52]} Rxe4
{[%clk 1:24:25]} 23. f5 {[%clk 1:28:33]} Rd6 {[%clk 1:24:12]} 24. c5
{[%clk 1:27:27]} Rf6 {[%clk 1:24:23]} 25. Rg3 {[%clk 1:26:44]} Rxf5
{[%clk 1:24:36]} 26. Ra3 Rf1 27. Rc1 {[%clk 1:25:41]} Rxc1+ {[%clk 1:24:53]} 28.
Kxc1 {[%clk 1:25:58]} e1=Q+ {[%clk 1:24:58]} 29. Kc2 {[%clk 1:25:12]} Qf2+ 30.
Kc3 Re3+ {[%clk 1:23:53]} 31. Kc4 {[%clk 1:25:35]} b5+ 32. Kb4 Qxb2+
{[%clk 1:22:34]} 33. Ka5 {[%clk 1:25:25]} Rxa3# {[%clk 1:22:47]} 0-1

[Event "MSR2018s4"]
[Site "?"]
[Date "2018.04.27"]
[Round "9.4"]
[White "Durovka, Marek"]
[Black "Sevcik, Ondrej"]
[Result "1/2-1/2"]
[BlackElo "1209"]
[WhiteElo "1000"]
[LiveChessVersion "1.4.8"]

1. d4 {[%clk 1:30:55]} d5 {[%clk 1:30:51]} 2. Nf3 {[%clk 1:31:11]} Nf6
{[%clk 1:30:49]} 3. Bf4 {[%clk 1:31:31]} Bf5 {[%clk 1:30:36]} 4. e3
{[%clk 1:31:48]} e6 {[%clk 1:30:33]} 5. Bd3 {[%clk 1:31:57]} Bg6 {[%clk 1:30:49]}
6. O-O {[%clk 1:32:00]} Bd6 {[%clk 1:31:03]} 7. Be5 {[%clk 1:30:02]} Nc6
{[%clk 1:30:46]} 8. Bxd6 {[%clk 1:28:52]} cxd6 {[%clk 1:31:01]} 9. c3
{[%clk 1:28:43]} Bxd3 {[%clk 1:29:58]} 10. Qxd3 {[%clk 1:28:59]} O-O
{[%clk 1:30:07]} 11. Nbd2 {[%clk 1:28:12]} Rc8 {[%clk 1:29:45]} 12. Rac1
{[%clk 1:27:37]} e5 {[%clk 1:27:25]} 13. e4 {[%clk 1:26:27]} dxe4
{[%clk 1:26:33]} 14. Nxe4 {[%clk 1:26:24]} d5 {[%clk 1:26:27]} 15. Nxf6+
{[%clk 1:26:38]} Qxf6 {[%clk 1:26:29]} 16. dxe5 {[%clk 1:25:55]} Nxe5
{[%clk 1:26:43]} 17. Nxe5 {[%clk 1:26:11]} Qxe5 {[%clk 1:26:57]} 18. Rfe1
{[%clk 1:26:24]} Qf6 {[%clk 1:26:56]} 19. Qxd5 {[%clk 1:26:02]} Qb6
{[%clk 1:25:57]} 20. b4 {[%clk 1:25:00]} Rc6 {[%clk 1:25:39]} 21. Re7
{[%clk 1:24:17]} Rf6 {[%clk 1:25:01]} 22. Qd4 {[%clk 1:23:38]} Qa6
{[%clk 1:21:32]} 23. Rce1 {[%clk 1:17:43]} Rd6 {[%clk 1:19:51]} 1/2-1/2

[Event "MSR2018s4"]
[Site "?"]
[Date "2018.04.27"]
[Round "9.5"]
[White "Zvoda, Matej"]
[Black "Strapec, Lukas"]
[Result "0-1"]
[BlackElo "1201"]
[WhiteElo "1000"]
[LiveChessVersion "1.4.8"]

1. e4 {[%clk 1:30:57]} c5 {[%clk 1:30:49]} 2. Nf3 {[%clk 1:29:50]} d6
{[%clk 1:29:57]} 3. d4 {[%clk 1:28:17]} cxd4 {[%clk 1:28:39]} 4. Bb5+
{[%clk 1:25:07]} Bd7 {[%clk 1:27:44]} 5. Bxd7+ {[%clk 1:25:10]} Nxd7
{[%clk 1:26:33]} 6. Nxd4 {[%clk 1:21:13]} Ngf6 {[%clk 1:24:12]} 7. O-O
{[%clk 1:18:26]} Nxe4 {[%clk 1:24:02]} 8. Qe2 {[%clk 1:17:34]} Nef6
{[%clk 1:24:04]} 9. Nf5 {[%clk 1:16:40]} e6 {[%clk 1:20:27]} 10. Re1
{[%clk 1:16:18]} Qa5 11. Bf4 {[%clk 1:11:31]} Qxf5 {[%clk 1:16:05]} 12. Bd2
{[%clk 1:05:47]} Be7 {[%clk 1:15:19]} 13. Nc3 {[%clk 0:59:22]} O-O
{[%clk 1:14:53]} 14. Qe3 {[%clk 0:55:52]} Ng4 {[%clk 1:13:03]} 15. Qg3
{[%clk 0:54:28]} Qg6 {[%clk 1:11:34]} 16. Re4 {[%clk 0:53:35]} Ngf6
{[%clk 1:11:33]} 17. Bg5 {[%clk 0:51:22]} Nxe4 {[%clk 1:11:38]} 18. Nxe4
{[%clk 0:49:45]} Bxg5 {[%clk 1:11:09]} 19. Nxg5 {[%clk 0:49:37]} h6
{[%clk 1:10:10]} 20. Nf3 {[%clk 0:46:50]} Qxg3 {[%clk 1:10:25]} 21. fxg3
{[%clk 0:47:01]} Rac8 {[%clk 1:10:25]} 22. Rc1 {[%clk 0:46:16]} Ne5
{[%clk 1:10:16]} 23. Nxe5 {[%clk 0:45:38]} dxe5 {[%clk 1:10:35]} 24. c4
{[%clk 0:45:23]} b5 {[%clk 1:10:51]} 25. c5 {[%clk 0:45:32]} Rc6 {[%clk 1:11:06]}
26. a4 {[%clk 0:45:18]} bxa4 {[%clk 1:11:30]} 27. b4 {[%clk 0:45:31]} axb3 0-1

[Event "MSR2018s4"]
[Site "?"]
[Date "2018.04.27"]
[Round "9.6"]
[White "Meszaros, Casey Ryan"]
[Black "Hudak, Michal"]
[Result "1-0"]
[BlackElo "1031"]
[WhiteElo "1000"]
[LiveChessVersion "1.4.8"]

1. e4 {[%clk 1:30:58]} d5 {[%clk 1:28:44]} 2. exd5 {[%clk 1:31:15]} Qxd5
{[%clk 1:28:16]} 3. Nc3 {[%clk 1:31:22]} Qd6 {[%clk 1:28:17]} 4. Nf3
{[%clk 1:31:35]} Nf6 {[%clk 1:28:24]} 5. Bc4 {[%clk 1:30:37]} a6 {[%clk 1:28:44]}
6. d3 {[%clk 1:15:06]} b5 {[%clk 1:28:41]} 7. Bb3 {[%clk 1:13:46]} Bb7
{[%clk 1:27:24]} 8. h3 {[%clk 1:03:46]} e6 {[%clk 1:25:11]} 9. Be3
{[%clk 0:59:06]} c5 {[%clk 1:22:40]} 10. a3 {[%clk 0:58:06]} Be7 {[%clk 1:22:26]}
11. Qd2 {[%clk 0:56:34]} Nc6 {[%clk 1:22:43]} 12. Bf4 {[%clk 0:55:22]} e5
{[%clk 1:20:45]} 13. Bh2 Nd4 {[%clk 1:15:50]} 14. Nxe5 {[%clk 0:41:31]} Nxb3
{[%clk 1:14:45]} 15. cxb3 {[%clk 0:41:26]} Qe6 {[%clk 1:15:04]} 16. O-O
{[%clk 0:38:48]} h6 {[%clk 1:14:11]} 17. Qc2 {[%clk 0:36:48]} g5 {[%clk 1:11:42]}
18. Rfe1 {[%clk 0:36:19]} h5 {[%clk 1:11:20]} 19. Ng6 {[%clk 0:36:09]} Qc6
{[%clk 1:11:15]} 20. Rxe7+ {[%clk 0:35:23]} Kd8 {[%clk 1:11:20]} 21. f3
{[%clk 0:33:14]} fxg6 {[%clk 1:11:29]} 22. Rae1 {[%clk 0:32:15]} g4
{[%clk 1:10:32]} 23. fxg4 {[%clk 0:31:41]} Rc8 {[%clk 1:09:45]} 24. R7e6
{[%clk 0:26:54]} Qxg2+ {[%clk 1:02:12]} 25. Qxg2 {[%clk 0:27:11]} Bxg2
{[%clk 1:02:34]} 26. Rxf6 Bc6 27. Rxg6 hxg4 {[%clk 0:55:48]} 28. hxg4
{[%clk 0:24:15]} Ra8 {[%clk 0:56:11]} 29. Rxc6 {[%clk 0:23:16]} Ra7
{[%clk 0:56:09]} 30. Rxc5 {[%clk 0:22:19]} Rah7 {[%clk 0:55:58]} 31. Rh5
{[%clk 0:21:59]} Rxh5 {[%clk 0:55:51]} 32. gxh5 {[%clk 0:22:11]} Rxh5
{[%clk 0:56:10]} 33. Re5 {[%clk 0:22:06]} Rh3 {[%clk 0:55:55]} 34. d4
{[%clk 0:21:58]} Rh4 {[%clk 0:54:34]} 35. d5 {[%clk 0:21:38]} Rg4+
{[%clk 0:54:56]} 36. Kf2 {[%clk 0:21:33]} Kd7 {[%clk 0:55:14]} 37. d6
{[%clk 0:21:16]} Rd4 {[%clk 0:55:27]} 38. Rd5 {[%clk 0:21:05]} Re4
{[%clk 0:55:46]} 39. Nxe4 {[%clk 0:21:17]} a5 {[%clk 0:55:57]} 40. Nf6+
{[%clk 0:21:12]} Kc8 {[%clk 0:56:14]} 41. d7+ {[%clk 0:21:18]} Kd8
{[%clk 0:56:42]} 42. Bc7+ {[%clk 0:21:30]} Kxc7 {[%clk 0:55:26]} 43. d8=Q+
{[%clk 0:21:50]} Kc6 {[%clk 0:55:49]} 44. Qd6+ {[%clk 0:21:46]} Kb7
{[%clk 0:56:13]} 45. Rxb5+ {[%clk 0:21:53]} Ka7 {[%clk 0:55:53]} 46. Qb6+
{[%clk 0:22:13]} Ka8 {[%clk 0:56:19]} 47. Qb7# {[%clk 0:22:31]} 1-0

[Event "MSR2018s4"]
[Site "?"]
[Date "2018.04.27"]
[Round "9.7"]
[White "Roman, Jakub"]
[Black "Dolnik, Michal"]
[Result "0-1"]
[BlackElo "1095"]
[WhiteElo "1000"]
[LiveChessVersion "1.4.8"]

1. e4 {[%clk 1:30:32]} e5 {[%clk 1:30:39]} 2. Nf3 {[%clk 1:29:39]} Nc6
{[%clk 1:30:36]} 3. Bc4 {[%clk 1:30:03]} Nf6 {[%clk 1:30:03]} 4. Ng5
{[%clk 1:30:12]} d5 {[%clk 1:29:57]} 5. exd5 {[%clk 1:30:33]} Nxd5
{[%clk 1:30:17]} 6. Qf3 {[%clk 1:30:47]} Be6 {[%clk 1:30:07]} 7. Nc3
{[%clk 1:30:49]} Nd4 {[%clk 1:29:22]} 8. Qd3 {[%clk 1:30:38]} Nf4
{[%clk 1:27:35]} 9. Qe4 {[%clk 1:30:13]} Bxc4 {[%clk 1:26:56]} 10. Qxe5+
{[%clk 1:25:12]} Qe7 {[%clk 1:25:58]} 11. Qxe7+ {[%clk 1:24:11]} Bxe7
{[%clk 1:26:14]} 12. d3 {[%clk 1:24:27]} Nxc2+ {[%clk 1:26:08]} 13. Kd1
{[%clk 1:24:35]} Nxa1 {[%clk 1:26:22]} 14. dxc4 {[%clk 1:24:57]} Bxg5
{[%clk 1:26:19]} 15. Re1+ {[%clk 1:24:55]} Kd7 {[%clk 1:26:10]} 16. g3 Nd3 17.
Re2 {[%clk 1:22:19]} Nxc1 {[%clk 1:25:57]} 18. Nd5 {[%clk 1:22:15]} Nxe2
{[%clk 1:26:18]} 19. Kxe2 {[%clk 1:22:25]} Nc2 {[%clk 1:26:02]} 20. f4
{[%clk 1:22:32]} Bf6 {[%clk 1:25:51]} 21. g4 {[%clk 1:22:22]} Bxb2
{[%clk 1:26:00]} 22. h4 {[%clk 1:22:38]} c6 {[%clk 1:25:43]} 23. Ne3
{[%clk 1:22:16]} Nxe3 {[%clk 1:24:21]} 24. Kxe3 {[%clk 1:22:15]} Ba3
{[%clk 1:24:18]} 25. f5 {[%clk 1:22:30]} f6 {[%clk 1:24:28]} 26. g5
{[%clk 1:22:31]} fxg5 {[%clk 1:24:50]} 27. hxg5 {[%clk 1:22:35]} Rae8+
{[%clk 1:24:56]} 28. Kf4 {[%clk 1:22:48]} Bd6+ {[%clk 1:25:00]} 29. Kg4
{[%clk 1:22:51]} Re4+ {[%clk 1:25:07]} 30. Kh5 {[%clk 1:22:49]} Bg3
{[%clk 1:25:03]} 31. g6 {[%clk 1:22:29]} h6 {[%clk 1:25:24]} 32. a4
{[%clk 1:22:40]} Rh4# 0-1

[Event "MSR2018s4"]
[Site "?"]
[Date "2018.04.27"]
[Round "9.8"]
[White "Boba, Kristian"]
[Black "Sun, Martin"]
[Result "1-0"]
[BlackElo "1000"]
[WhiteElo "1050"]
[LiveChessVersion "1.4.8"]

1. e4 {[%clk 1:30:55]} e5 {[%clk 1:30:39]} 2. Nf3 {[%clk 1:31:20]} Nc6
{[%clk 1:30:34]} 3. Bc4 {[%clk 1:31:32]} Nf6 4. Nc3 Bc5 {[%clk 1:29:46]} 5. d3
{[%clk 1:31:36]} h6 {[%clk 1:29:00]} 6. Qe2 {[%clk 1:31:44]} d6 {[%clk 1:28:43]}
7. Be3 Be6 {[%clk 1:28:19]} 8. Bxc5 {[%clk 1:31:37]} dxc5 {[%clk 1:28:27]} 9.
Bxe6 {[%clk 1:31:18]} fxe6 {[%clk 1:28:08]} 10. b3 {[%clk 1:30:51]} g5
{[%clk 1:27:21]} 11. h3 {[%clk 1:30:40]} Qe7 {[%clk 1:27:27]} 12. O-O-O
{[%clk 1:28:56]} O-O-O {[%clk 1:25:16]} 13. Qe3 {[%clk 1:27:51]} Nb4
{[%clk 1:21:26]} 14. Nxe5 {[%clk 1:25:45]} Qd6 {[%clk 1:20:56]} 15. Nf7
{[%clk 1:25:42]} Qa6 16. Kb1 Rd4 {[%clk 1:19:26]} 17. Nxh8 {[%clk 1:24:35]} Qa3
{[%clk 1:19:00]} 18. Qf3 {[%clk 1:24:10]} Nd7 {[%clk 1:18:21]} 19. Qf7
{[%clk 1:23:55]} b6 {[%clk 1:16:07]} 20. Qxe6 {[%clk 1:23:25]} a5
{[%clk 1:14:26]} 21. Qg8+ {[%clk 1:20:22]} Kb7 {[%clk 1:14:17]} 22. Rhe1
{[%clk 1:15:00]} b5 {[%clk 1:11:54]} 23. e5 {[%clk 1:14:49]} c4 {[%clk 1:11:58]}
24. e6 {[%clk 1:14:47]} Nc5 {[%clk 1:12:11]} 25. e7 {[%clk 1:14:48]} cxb3
{[%clk 1:12:24]} 26. cxb3 {[%clk 1:14:02]} a4 {[%clk 1:12:23]} 27. Qc8+
{[%clk 1:13:14]} Kxc8 {[%clk 1:12:29]} 28. e8=Q+ {[%clk 1:13:29]} Kb7
{[%clk 1:12:24]} 29. Qxb5+ {[%clk 1:13:41]} Ka7 {[%clk 1:11:42]} 30. Qxc5+
{[%clk 1:13:55]} Kb7 {[%clk 1:09:02]} 31. Qxd4 {[%clk 1:13:36]} axb3
{[%clk 1:08:28]} 32. Qe4+ {[%clk 1:13:32]} Kb6 {[%clk 1:08:29]} 33. Rd2
{[%clk 1:09:57]} bxa2+ {[%clk 1:08:11]} 34. Nxa2 {[%clk 1:09:36]} Qb3+
{[%clk 1:07:26]} 35. Rb2 {[%clk 1:09:25]} Qa4 {[%clk 1:06:59]} 36. Rxb4+
{[%clk 1:09:40]} Qxb4+ {[%clk 1:06:07]} 37. Qxb4+ {[%clk 1:09:44]} Kc6
{[%clk 1:05:45]} 38. Rc1+ {[%clk 1:10:09]} Kd5 {[%clk 1:04:06]} 39. Rc5+
{[%clk 1:10:09]} Ke6 {[%clk 1:02:33]} 40. Qd4 {[%clk 1:09:54]} Ke7
{[%clk 1:01:26]} 41. Re5+ {[%clk 1:10:16]} Kf6 {[%clk 1:00:28]} 42. Qe4
{[%clk 1:11:48]} g4 {[%clk 0:59:53]} 43. Qf5+ {[%clk 1:11:47]} Kg7
{[%clk 0:59:56]} 44. Qg6+ {[%clk 1:11:53]} Kf8 {[%clk 0:59:38]} 45. Qf7#
{[%clk 1:11:55]} 1-0

[Event "MSR2018s4"]
[Site "?"]
[Date "2018.04.27"]
[Round "9.9"]
[White "Banas, Samuel"]
[Black "Martynek, Filip"]
[Result "0-1"]
[BlackElo "1000"]
[WhiteElo "1063"]
[LiveChessVersion "1.4.8"]

1. d4 {[%clk 1:30:53]} d6 {[%clk 1:30:53]} 2. e4 {[%clk 1:30:53]} Nf6
{[%clk 1:30:52]} 3. Nc3 {[%clk 1:30:58]} g6 {[%clk 1:30:42]} 4. Bd3
{[%clk 1:25:39]} Bg7 {[%clk 1:29:12]} 5. Bf4 {[%clk 1:24:38]} O-O
{[%clk 1:26:40]} 6. Nge2 {[%clk 1:21:40]} Nbd7 {[%clk 1:26:20]} 7. O-O
{[%clk 1:19:52]} c5 {[%clk 1:22:32]} 8. d5 {[%clk 1:19:32]} e5 {[%clk 1:17:09]}
9. Bg5 {[%clk 1:19:27]} Nb6 {[%clk 1:10:39]} 10. Qd2 {[%clk 1:19:28]} c4
{[%clk 1:09:57]} 11. Bxc4 {[%clk 1:16:15]} Nxc4 {[%clk 1:10:02]} 12. Qc1
{[%clk 1:16:08]} Bg4 {[%clk 1:10:05]} 13. Re1 {[%clk 1:16:05]} Bxe2
{[%clk 1:09:46]} 14. Rxe2 {[%clk 1:15:26]} h6 {[%clk 1:08:23]} 15. Bxh6
{[%clk 1:15:34]} Bxh6 {[%clk 1:08:44]} 16. Qxh6 {[%clk 1:15:47]} Nxb2
{[%clk 1:08:58]} 17. Rb1 {[%clk 1:16:01]} Qb6 {[%clk 1:08:46]} 18. Na4
{[%clk 1:15:34]} Qa5 {[%clk 1:08:26]} 19. Nxb2 {[%clk 1:15:39]} Qxa2
{[%clk 1:08:30]} 20. Ree1 {[%clk 1:14:28]} Nxe4 {[%clk 1:08:26]} 21. Nc4
{[%clk 1:11:06]} Qxc4 {[%clk 1:07:18]} 22. Rbc1 {[%clk 1:10:31]} Qd4
{[%clk 1:07:08]} 23. Re3 {[%clk 1:10:35]} Qd2 {[%clk 1:06:55]} 24. Rf1
{[%clk 1:10:21]} Nf6 {[%clk 1:06:24]} 25. Rh3 {[%clk 1:10:02]} Qxh6
{[%clk 1:06:16]} 26. Rxh6 {[%clk 1:10:10]} Nxd5 {[%clk 1:06:28]} 27. Rd1
{[%clk 1:08:33]} Nb4 {[%clk 1:06:44]} 28. Rxd6 {[%clk 1:08:21]} Nxc2
{[%clk 1:07:00]} 29. Rd3 {[%clk 1:07:55]} a5 {[%clk 1:07:01]} 30. Rdh3
{[%clk 1:08:08]} a4 {[%clk 1:07:12]} 31. Rh8+ {[%clk 1:08:30]} Kg7
{[%clk 1:06:48]} 32. R3h7+ {[%clk 1:08:47]} Kf6 {[%clk 1:06:48]} 33. Rxf8
{[%clk 1:08:58]} Rxf8 {[%clk 1:07:07]} 34. Rh4 {[%clk 1:08:50]} a3
{[%clk 1:07:27]} 35. Ra4 {[%clk 1:08:26]} b5 {[%clk 1:07:45]} 36. Ra5
{[%clk 1:08:46]} b4 {[%clk 1:08:02]} 37. Ra6+ {[%clk 1:08:52]} Kf5
{[%clk 1:08:19]} 38. h3 {[%clk 1:09:02]} b3 {[%clk 1:08:39]} 39. g4+
{[%clk 1:09:00]} Kg5 {[%clk 1:09:00]} 40. Rb6 {[%clk 1:06:54]} b2
{[%clk 1:09:19]} 41. Kg2 {[%clk 1:07:05]} b1=Q {[%clk 1:09:30]} 42. Rxb1
{[%clk 1:07:17]} a2 {[%clk 1:09:47]} 43. Rc1 {[%clk 1:07:30]} a1=Q 44. Rxa1
{[%clk 1:07:50]} Nxa1 {[%clk 1:10:20]} 45. Kg3 {[%clk 1:07:53]} Rb8
{[%clk 1:10:27]} 46. h4+ {[%clk 1:08:07]} Kf6 {[%clk 1:10:37]} 47. g5+
{[%clk 1:08:26]} Ke6 {[%clk 1:10:57]} 48. f4 {[%clk 1:07:33]} Rb3+
{[%clk 1:11:13]} 49. Kg2 {[%clk 1:07:36]} exf4 {[%clk 1:11:29]} 50. Kf2
{[%clk 1:07:55]} Rh3 {[%clk 1:11:44]} 51. Kg2 {[%clk 1:07:52]} Rxh4
{[%clk 1:12:00]} 52. Kf3 {[%clk 1:07:53]} Kf5 {[%clk 1:12:15]} 53. Kg2
{[%clk 1:07:43]} Rg4+ {[%clk 1:12:33]} 54. Kf3 {[%clk 1:07:58]} Rxg5
{[%clk 1:12:51]} 55. Kf2 {[%clk 1:08:02]} Rg3 {[%clk 1:13:07]} 56. Ke2
{[%clk 1:08:11]} f3+ {[%clk 1:13:28]} 57. Kf2 Rg2+ {[%clk 1:13:35]} 58. Kf1
{[%clk 1:08:31]} Ra2 {[%clk 1:13:44]} 59. Ke1 {[%clk 1:08:36]} g5
{[%clk 1:13:48]} 60. Kf1 {[%clk 1:08:30]} g4 {[%clk 1:14:08]} 61. Kg1
{[%clk 1:08:34]} g3 {[%clk 1:14:25]} 62. Kf1 {[%clk 1:08:28]} g2+
{[%clk 1:14:42]} 63. Kg1 {[%clk 1:08:46]} f2+ {[%clk 1:14:55]} 64. Kxg2
{[%clk 1:08:53]} Nb3 {[%clk 1:14:53]} 65. Kf1 {[%clk 1:08:30]} Nd2+
{[%clk 1:15:11]} 66. Kxf2 {[%clk 1:08:45]} Kg4 {[%clk 1:15:27]} 67. Ke3
{[%clk 1:08:41]} f5 {[%clk 1:15:46]} 68. Kf2 {[%clk 1:08:59]} f4 {[%clk 1:16:01]}
69. Ke2 {[%clk 1:09:17]} f3+ {[%clk 1:16:16]} 70. Kf2 {[%clk 1:08:54]} Ne4+
{[%clk 1:16:33]} 71. Kf1 {[%clk 1:08:59]} Ng3+ {[%clk 1:16:45]} 72. Kg1
{[%clk 1:08:58]} f2+ {[%clk 1:17:01]} 73. Kg2 {[%clk 1:09:17]} f1=Q#
{[%clk 1:17:15]} 0-1

[Event "MSR2018s4"]
[Site "?"]
[Date "2018.04.27"]
[Round "9.10"]
[White "Elias, Simon"]
[Black "Kriska, Alexander"]
[Result "1-0"]
[BlackElo "1000"]
[WhiteElo "1036"]
[LiveChessVersion "1.4.8"]

1. e4 {[%clk 1:30:57]} e5 {[%clk 1:30:42]} 2. Nf3 {[%clk 1:31:19]} Nf6
{[%clk 1:30:33]} 3. Nxe5 {[%clk 1:31:28]} d6 {[%clk 1:30:31]} 4. Nf3
{[%clk 1:31:47]} Nxe4 {[%clk 1:30:37]} 5. d4 {[%clk 1:32:02]} Bg4
{[%clk 1:28:52]} 6. Bd3 {[%clk 1:30:40]} d5 {[%clk 1:26:02]} 7. c4
{[%clk 1:30:29]} dxc4 {[%clk 1:25:20]} 8. Bxe4 {[%clk 1:30:46]} Bxf3
{[%clk 1:25:04]} 9. Qxf3 {[%clk 1:30:58]} Bb4+ {[%clk 1:23:34]} 10. Bd2
{[%clk 1:30:10]} Bxd2+ {[%clk 1:23:40]} 11. Nxd2 {[%clk 1:30:16]} O-O
{[%clk 1:23:44]} 12. Bxb7 {[%clk 1:29:41]} Nd7 {[%clk 1:23:21]} 13. Bxa8
{[%clk 1:29:46]} Qxa8 {[%clk 1:23:25]} 14. Qxa8 {[%clk 1:29:57]} Rxa8
{[%clk 1:23:39]} 15. Nxc4 {[%clk 1:29:21]} Nb6 {[%clk 1:20:01]} 16. b3
{[%clk 1:25:21]} Nxc4 {[%clk 1:19:55]} 17. bxc4 {[%clk 1:25:32]} Re8+
{[%clk 1:19:44]} 18. Kd2 {[%clk 1:25:52]} g6 {[%clk 1:15:45]} 19. Rhe1
{[%clk 1:25:38]} Rxe1 {[%clk 1:15:43]} 20. Rxe1 {[%clk 1:23:17]} h5
{[%clk 1:15:00]} 21. Re7 {[%clk 1:22:11]} Kf8 {[%clk 1:14:56]} 22. Rxc7
{[%clk 1:22:22]} a5 {[%clk 1:14:17]} 23. d5 {[%clk 1:22:19]} Ke8 {[%clk 1:14:28]}
24. d6 {[%clk 1:22:35]} Kd8 {[%clk 1:14:26]} 25. Rxf7 {[%clk 1:22:55]} Ke8
{[%clk 1:14:26]} 26. Rh7 {[%clk 1:23:03]} Kd8 {[%clk 1:14:15]} 27. a4
{[%clk 1:23:21]} Ke8 {[%clk 1:13:54]} 28. h4 {[%clk 1:23:39]} Kd8
{[%clk 1:13:06]} 29. c5 {[%clk 1:23:52]} Ke8 {[%clk 1:13:08]} 30. c6
{[%clk 1:24:01]} Kd8 {[%clk 1:13:08]} 31. c7+ {[%clk 1:24:01]} Kc8
{[%clk 1:13:08]} 32. Kc3 Kb7 {[%clk 1:12:39]} 33. Kc4 {[%clk 1:24:57]} Kc8
{[%clk 1:12:48]} 34. Kc5 {[%clk 1:25:08]} Kb7 {[%clk 1:12:53]} 35. Kb5
{[%clk 1:25:30]} Kc8 {[%clk 1:11:59]} 36. Kc6 {[%clk 1:25:50]} g5
{[%clk 1:11:49]} 37. d7# 1-0

[Event "MSR2018s4"]
[Site "?"]
[Date "2018.04.27"]
[Round "9.11"]
[White "Gobl, Fabian"]
[Black "Sokolsky, David"]
[Result "1-0"]
[BlackElo "1000"]
[WhiteElo "1118"]
[LiveChessVersion "1.4.8"]

1. e4 {[%clk 1:30:30]} e5 {[%clk 1:30:30]} 2. Nf3 {[%clk 1:30:30]} Nc6
{[%clk 1:30:30]} 3. Bb5 {[%clk 1:30:41]} Nge7 {[%clk 1:30:45]} 4. d4
{[%clk 1:30:39]} exd4 {[%clk 1:30:42]} 5. Nxd4 {[%clk 1:30:33]} Nxd4
{[%clk 1:30:51]} 6. Qxd4 {[%clk 1:30:52]} a6 {[%clk 1:31:05]} 7. Ba4
{[%clk 1:31:07]} b5 {[%clk 1:30:46]} 8. Bb3 {[%clk 1:31:10]} Bb7 {[%clk 1:30:54]}
9. Qe3 {[%clk 1:30:43]} g6 {[%clk 1:28:40]} 10. Qf3 {[%clk 1:30:58]} f6
{[%clk 1:27:57]} 11. Qxf6 Rg8 {[%clk 1:26:22]} 12. Qf7# {[%clk 1:31:00]} 1-0